000 00251nam a2200109Ia 4500
008 190216s9999||||xx |||||||||||||| ||und||
100 _aJerry March
245 0 _aAdvanced Organic Chemistry
260 _bJohn Wiley & Sons
300 _a1495
942 _cBK
999 _c2916
_d2916